Colloquium on joint international business ventures

Guardado en:
Detalles Bibliográficos
Formato: Libro
Lenguaje:Undetermined
Publicado: Beograd Institute of International Politics and Economy 1967
Materias:
Etiquetas: Agregar Etiqueta
Sin Etiquetas, Sea el primero en etiquetar este registro!
Thư viện lưu trữ: Trung tâm Học liệu Trường Đại học Cần Thơ
LEADER 00473nam a2200157Ia 4500
001 CTU_98743
008 210402s9999 xx 000 0 und d
082 |a 382 
082 |b C714 
245 0 |a Colloquium on joint international business ventures 
260 |a Beograd 
260 |b Institute of International Politics and Economy 
260 |c 1967 
650 |a Trade,International business 
904 |i Tuyến 
980 |a Trung tâm Học liệu Trường Đại học Cần Thơ